Právna úprava reklamy liekov v Slovenskej republike bakalárska práca

Gespeichert in:
Bibliographische Detailangaben
1. Verfasser: Horváthová, Simona
Körperschaft: Obchodná fakulta EU. Katedra obchodného práva
Weitere Verfasser: Winkler, Martin, 1975-
Format: Buch
Sprache:Slowakisch
Veröffentlicht: Bratislava 2023
Tags: Tag hinzufügen
Keine Tags, Fügen Sie das erste Tag hinzu!

MARC

LEADER 00000nbm a2200000 4500
001 0294847
005 20240126090851.2
041 0 |a slo 
044 |a SK 
245 1 0 |a Právna úprava reklamy liekov v Slovenskej republike  |b bakalárska práca  |c Simona Horváthová ; školiteľ: Martin Winkler 
264 1 |a Bratislava  |c 2023 
300 |a 63 s. 
100 1 |a Horváthová, Simona 
700 1 |a Winkler, Martin, 1975- 
710 2 |a Obchodná fakulta EU. Katedra obchodného práva